[Event "Women's Speed Chess Q2"]
[Site "chess.com INT"]
[Date "2020.06.19"]
[Round "4"]
[White "Anu, Bayar"]
[Black "Sviridova, Vlada"]
[Result "1/2-1/2"]
[WhiteTitle "WFM"]
[BlackTitle "WFM"]
[WhiteElo "2102"]
[BlackElo "2144"]
[WhiteFideId "4901339"]
[BlackFideId "24109606"]
[EventDate "2020.06.19"]

1. d4 d5 2. c4 c6 3. Nc3 Nf6 4. cxd5 cxd5 5. Bf4 Nc6 6. e3 a6 7. Bd3 Bg4 8. f3
Bh5 9. Nge2 e6 10. O-O Bd6 11. Bg5 Be7 12. Rc1 Bg6 13. Nf4 Bxd3 14. Nxd3 O-O 15.
Na4 Nd7 16. Bxe7 Qxe7 17. Nac5 Nxc5 18. Nxc5 Rfc8 19. Qd2 b6 20. Nd3 Na5 21. b3
Nb7 22. Rc2 f6 23. Rfc1 Qd7 24. Rc3 Nd6 25. Nb4 Rxc3 26. Rxc3 a5 27. Nd3 Rc8 28.
Qc1 Rxc3 29. Qxc3 Qc8 30. Qxc8+ Nxc8 31. a4 Kf7 32. Kf2 Ke7 33. Ke2 Kd6 34. Kd2
Ne7 35. e4 Nc6 36. Kc3 h5 37. h3 g5 38. g4 h4 39. Nf2 Nb4 40. Nd1 e5 41. dxe5+
Kxe5 42. exd5 Kxd5 43. Nf2 Nc6 44. Ne4 Ke5 45. Kc4 Nd4 46. Nd2 Nc2 47. Kb5 Kf4
48. Kxb6 Ke3 49. Kxa5 Kxd2 50. Kb6 Nb4 51. a5 Kc3 52. a6 Nxa6 53. Kxa6 Kxb3 54.
Kb6 Kc3 55. Kc6 Kd4 56. Kd6 Ke3 57. Ke6 Kxf3 58. Kxf6 Kf4 59. Kg6 Kg3 60. Kxg5
Kxh3 61. Kf5 Kg3 62. g5 h3 63. g6 h2 64. g7 h1=Q 65. g8=Q+ Kf2 66. Qa2+ Kg3 67.
Qb3+ Kh2 68. Qc2+ Qg2 69. Qxg2+ Kxg2 1/2-1/2

[Event "Women's Speed Chess Q2"]
[Site "chess.com INT"]
[Date "2020.06.19"]
[Round "4"]
[White "Cori T., Deysi"]
[Black "Priyanka, K"]
[Result "1-0"]
[WhiteTitle "WGM"]
[BlackTitle "WIM"]
[WhiteElo "2388"]
[BlackElo "2218"]
[WhiteFideId "3801934"]
[BlackFideId "5082986"]
[EventDate "2020.06.19"]

1. d4 Nf6 2. Nf3 g6 3. g3 Bg7 4. Bg2 d6 5. O-O O-O 6. b3 e5 7. dxe5 Ng4 8. Bb2
Nxe5 9. Qc1 Nbc6 10. c4 Nxf3+ 11. Bxf3 Bxb2 12. Qxb2 Bh3 13. Rd1 Ne5 14. Bxb7
Rb8 15. Bd5 c6 16. Bg2 Nxc4 17. Qd4 Bxg2 18. Kxg2 Nb6 19. Qxd6 Qe8 20. Nc3 Rb7
21. Qf6 Nd5 22. Nxd5 cxd5 23. Qf3 Rd7 24. Rac1 d4 25. Rc4 Qe5 26. Rd3 Rfd8 27.
h4 Qa5 28. a4 h5 29. Qc6 Qe5 30. e3 dxe3 31. Rxd7 Rxd7 32. Qxd7 e2 33. Rc1 Qe4+
34. f3 e1=N+ 35. Rxe1 Qxe1 36. Qd8+ Kh7 37. Qd4 Qe2+ 38. Qf2 Qd1 39. Qxa7 Qc2+
40. Qf2 Qxb3 41. a5 Qa4 42. Qd2 Kg7 43. Qc3+ Kh7 44. Qc5 Qa2+ 45. Kh3 Qe6+ 46.
Kg2 Qa2+ 47. Kf1 Qb1+ 48. Ke2 Qa2+ 49. Ke3 Qb3+ 50. Ke4 Qe6+ 51. Kd4 Qf6+ 52.
Ke3 Qe6+ 53. Kf2 Qa2+ 54. Ke1 Qa1+ 55. Ke2 Qa2+ 56. Kd3 Qb3+ 57. Qc3 Qd5+ 58.
Ke3 Qe6+ 59. Kf2 Qa2+ 60. Kg1 Qb1+ 61. Kg2 Qa2+ 62. Kh3 Qe6+ 63. g4 hxg4+ 64.
fxg4 Qa6 65. Kg3 Qd6+ 66. Kf3 Qd5+ 67. Kf4 Qd6+ 68. Kf3 Qd5+ 69. Kf2 Qd6 70. Qc4
Qd2+ 71. Kf3 Qxa5 72. Qxf7+ Kh8 73. Qxg6 Qc3+ 74. Kf4 Qd4+ 75. Kg5 Qe5+ 76. Qf5 1-0

[Event "Women's Speed Chess Q2"]
[Site "chess.com INT"]
[Date "2020.06.19"]
[Round "4"]
[White "Fernandez, Maria Florencia"]
[Black "Antova, Gabriela"]
[Result "1/2-1/2"]
[WhiteTitle "WIM"]
[BlackTitle "FM"]
[WhiteElo "2229"]
[BlackElo "2255"]
[WhiteFideId "116459"]
[BlackFideId "2915235"]
[EventDate "2020.06.19"]

1. d4 Nf6 2. c4 e6 3. Nf3 d5 4. Nc3 c6 5. Bg5 Be7 6. e3 Nbd7 7. Bd3 O-O 8. O-O
dxc4 9. Bxc4 b5 10. Bd3 Bb7 11. Rc1 a6 12. Bb1 c5 13. Qe2 Qb6 14. Ne5 Rad8 15.
Qc2 g6 16. Rcd1 cxd4 17. exd4 Rfe8 18. Qc1 b4 19. Ne2 Nd5 20. Bxe7 Rxe7 21. Qh6
Nxe5 22. dxe5 Red7 23. Ng3 Qc5 24. Nh5 f5 25. exf6 gxh5 26. Rd3 Qf8 27. Rg3+ Kh8
28. Qxh5 Nxf6 29. Qe5 Rd1 30. Bxh7 Rxf1+ 31. Kxf1 Kxh7 32. Rh3+ Kg8 33. Rf3 Rd1+
34. Ke2 Qd8 35. Rg3+ Kf8 36. Qc5+ Ke8 37. Qe3 Bd5 38. Rg5 Rb1 39. f3 Rxb2+ 40.
Ke1 Qc7 41. Re5 Qc2 42. Qe2 Qxe2+ 43. Rxe2 Rxe2+ 44. Kxe2 Bxa2 45. Kd2 Bd5 46.
Kc2 b3+ 47. Kb2 a5 48. Ka3 a4 49. Kb2 a3+ 50. Kxa3 Kd7 51. Kb2 Kc6 52. Kc3 Kc5
53. h4 Kb5 54. g4 Bxf3 55. g5 Nh5 56. Kxb3 Bd5+ 57. Kc3 Kc6 58. Kd3 Kd6 59. Ke3
e5 60. Kf2 Ke6 61. Ke3 Kf5 62. Kd3 Kg4 63. g6 Kxh4 64. g7 Bg8 65. Ke4 Kg5 66.
Kxe5 Kg6 67. Ke4 Kxg7 68. Ke5 Kg6 69. Ke4 Nf6+ 70. Ke5 Bf7 71. Kf4 Be6 72. Ke5
Bf5 73. Kf4 Nd7 74. Ke3 Kg5 75. Kd4 Kf4 76. Kd5 Nf8 77. Kd4 Be4 78. Kc5 Ke5 79.
Kc4 Ne6 80. Kc3 Nd4 81. Kd2 Kf4 82. Kc3 Ke3 83. Kc4 Ne6 84. Kb5 Kd4 85. Kb6 Bd5
86. Kb5 Nd8 87. Kb6 Bc6 88. Kc7 Kc5 89. Kxd8 1/2-1/2

[Event "Women's Speed Chess Q2"]
[Site "chess.com INT"]
[Date "2020.06.19"]
[Round "4"]
[White "Bommini, Mounika Akshaya"]
[Black "Chen, Yining"]
[Result "1-0"]
[WhiteTitle "WFM"]
[BlackTitle "WCM"]
[WhiteElo "2029"]
[BlackElo "1745"]
[WhiteFideId "25019872"]
[BlackFideId "8620946"]
[EventDate "2020.06.19"]

1. d4 Nf6 2. c4 e6 3. Nc3 Bb4 4. f3 d5 5. cxd5 exd5 6. e3 O-O 7. Bd3 c5 8. Ne2
Nc6 9. O-O h6 10. Bc2 Be6 11. Nf4 Re8 12. Kh1 cxd4 13. exd4 Bxc3 14. bxc3 Ne7
15. Nxe6 fxe6 16. Re1 Qd6 17. g3 Nf5 18. Bf4 Qd8 19. Qd3 Rc8 20. Be5 Qe7 21. g4
Nd6 22. h4 Nc4 23. g5 Nxe5 24. dxe5 hxg5 25. exf6 gxf6 26. hxg5 f5 27. f4 Qh7+
28. Kg2 Qh4 29. Qe3 Qg4+ 30. Kf2 Rc4 31. Rg1 Rxf4+ 32. Ke1 Qh4+ 33. Kd2 Rf2+ 34.
Kc1 f4 35. Qd3 Qh5 36. Qg6+ Qxg6 37. Bxg6 Rc8 38. Rd1 Rxc3+ 39. Kb1 Rc6 40. Rd3
Rb6+ 41. Rb3 Rxb3+ 42. axb3 Rg2 43. Ra2 Rxg5 44. Bd3 Rg1+ 45. Kb2 Rg2+ 46. Bc2
f3 47. Rxa7 f2 48. Ra1 Rg1 49. Bd3 Rxa1 50. Kxa1 Kf7 51. Kb2 e5 52. Kc3 e4 53.
Bf1 Ke6 54. Kd4 Kd6 55. b4 b6 56. b5 Ke6 57. Bh3+ Kd6 58. Bf1 Ke6 59. Bg2 Kd6
60. Bh3 e3 61. Kxe3 Kc5 62. Bf1 d4+ 63. Kxf2 Kb4 64. Kf3 Kc3 65. Ke4 d3 66. Bxd3
Kb4 67. Bf1 Kc5 68. Ke5 Kb4 69. Kd6 Ka4 70. Kc7 Ka5 71. Kc6 Ka4 72. Kxb6 Kb4 73.
Ka6 Ka4 74. b6 Kb4 75. b7 Kc5 76. b8=Q Kc6 77. Qb5+ Kc7 78. Bg2 Kc8 79. Qb7+ Kd8
80. Qf7 Kc8 81. Qe7 Kb8 82. Qb7# 1-0

[Event "Women's Speed Chess Q2"]
[Site "chess.com INT"]
[Date "2020.06.19"]
[Round "4"]
[White "Diakonova, Ekaterina"]
[Black "Ni, Shiqun"]
[Result "1-0"]
[BlackTitle "WGM"]
[WhiteElo "2209"]
[BlackElo "2389"]
[WhiteFideId "24172936"]
[BlackFideId "8608466"]
[EventDate "2020.06.19"]

1. e4 e6 2. d4 d5 3. Nd2 c5 4. exd5 Qxd5 5. Ngf3 cxd4 6. Bc4 Qd8 7. Nb3 Nc6 8.
Nbxd4 Nxd4 9. Qxd4 Qxd4 10. Nxd4 a6 11. Be3 Nf6 12. f3 b5 13. Bb3 Bb7 14. Ke2
Be7 15. a4 b4 16. a5 O-O 17. Bc4 Rfc8 18. b3 Bd5 19. Bd3 Nd7 20. Kd2 Bf6 21. Ra4
Be7 22. Raa1 Ne5 23. Be2 Rc3 24. Rhd1 Bb7 25. Bf2 h5 26. Ke1 h4 27. f4 Nc6 28.
Nf3 Bf6 29. Rd7 Rxc2 30. Rad1 Nxa5 31. Bb6 Bxf3 32. Bxf3 Nc6 33. Rc7 Rb8 34. Be3
Bc3+ 35. Kf1 Na5 36. Be4 Rb2 37. Bc1 Rxb3 38. Bc2 g6 39. Ra7 Ra3 40. Rxa6 Nc4
41. Bxa3 Nxa3 42. Bb3 Nb5 43. Bc4 Nd4 44. Rc1 Rc8 45. Bd3 Kg7 46. Kf2 Rd8 47.
Bc4 Rc8 48. Bf1 Nb3 49. Rd1 Nd4 50. Rb6 Rd8 51. Rb1 Ra8 52. Ra6 Rb8 53. Bc4 b3
54. Ra3 Nc2 55. Raxb3 Bd4+ 56. Kf3 Rc8 57. Bd3 Ne3 58. Be4 Nf5 59. Bxf5 gxf5 60.
Rd1 Bf6 61. Rb7 Rf8 62. Rd6 Kg8 63. Rdd7 Bg7 64. Rdc7 Bf6 65. g3 Kg7 66. gxh4
Bxh4 67. Rc2 Kg6 68. Rg2+ Kh6 69. Re2 Kg6 70. Rb1 Bf6 71. Rg1+ Kh7 72. Reg2 Rc8
73. Rg3 Rc3+ 74. Kg2 Rc4 75. Kh1 1-0

[Event "Women's Speed Chess Q2"]
[Site "chess.com INT"]
[Date "2020.06.19"]
[Round "5"]
[White "Chumpitaz, Ann"]
[Black "Gevorgyan, Maria"]
[Result "0-1"]
[WhiteTitle "WIM"]
[BlackTitle "WGM"]
[WhiteElo "2244"]
[BlackElo "2228"]
[WhiteFideId "3804178"]
[BlackFideId "13300270"]
[EventDate "2020.06.19"]

1. e4 c5 2. Nf3 Nc6 3. d4 cxd4 4. Nxd4 g6 5. c4 Nf6 6. Nc3 Nxd4 7. Qxd4 d6 8.
Be3 Bg7 9. Be2 O-O 10. Qd2 a5 11. O-O a4 12. Rac1 Qa5 13. f4 Be6 14. f5 gxf5 15.
exf5 Bxf5 16. Bc5 Qxc5+ 0-1

[Event "Women's Speed Chess Q2"]
[Site "chess.com INT"]
[Date "2020.06.19"]
[Round "5"]
[White "Tsukerman, Julia"]
[Black "Injac, Teodora"]
[Result "0-1"]
[WhiteTitle "WCM"]
[BlackTitle "WIM"]
[WhiteElo "1523"]
[BlackElo "2286"]
[WhiteFideId "2621649"]
[BlackFideId "932400"]
[EventDate "2020.06.19"]

1. e4 e6 2. d4 d5 3. exd5 exd5 4. Bd3 c5 5. dxc5 Bxc5 6. h3 Nf6 7. Nf3 O-O 8.
O-O Nc6 9. c3 Qd6 10. Nbd2 Bxh3 11. gxh3 Qg3+ 12. Kh1 Qxh3+ 13. Kg1 Qg3+ 14. Kh1
Bxf2 15. Qe2 Ng4 0-1

[Event "Women's Speed Chess Q2"]
[Site "chess.com INT"]
[Date "2020.06.19"]
[Round "5"]
[White "Pham, Bich Ngoc"]
[Black "Gaponenko, Inna"]
[Result "0-1"]
[WhiteTitle "WIM"]
[BlackTitle "IM"]
[WhiteElo "2235"]
[BlackElo "2396"]
[WhiteFideId "12401285"]
[BlackFideId "14101181"]
[EventDate "2020.06.19"]

1. g3 g6 2. Bg2 Bg7 3. d3 c5 4. e4 Nc6 5. f4 e6 6. Nf3 Nge7 7. c3 d5 8. O-O O-O
9. Na3 b6 10. Qe2 Ba6 11. e5 d4 12. c4 Qd7 13. Ng5 Rad8 14. Ne4 Nf5 15. g4 Ne3
16. Bxe3 dxe3 17. Nd6 f6 18. Qxe3 fxe5 19. Bxc6 Qxc6 20. fxe5 Rxf1+ 21. Rxf1
Rxd6 22. exd6 Bd4 23. Qxd4 cxd4 0-1

[Event "Women's Speed Chess Q2"]
[Site "chess.com INT"]
[Date "2020.06.19"]
[Round "5"]
[White "Bouah, Denise"]
[Black "Golubenko, Valentina"]
[Result "0-1"]
[WhiteTitle "WIM"]
[BlackTitle "WGM"]
[WhiteElo "1770"]
[BlackElo "2209"]
[WhiteFideId "14300818"]
[BlackFideId "4501993"]
[EventDate "2020.06.19"]

1. e4 g6 2. d3 Bg7 3. Nd2 c6 4. f4 d5 5. e5 f6 6. Ngf3 fxe5 7. fxe5 c5 8. c3 d4
9. c4 Nc6 10. Ne4 Nxe5 11. Nxe5 Bxe5 12. Bd2 Nf6 13. Nxc5 Qc7 14. Nb3 Bxh2 15.
Nxd4 Qe5+ 16. Qe2 Bg3+ 17. Kd1 Qxd4 18. Bc3 Qg4 19. Kc2 Qxe2+ 20. Bxe2 Bf5 21.
Rhf1 O-O-O 22. Rad1 Rhf8 23. Kc1 Bg4 24. Bxg4+ Nxg4 0-1

[Event "Women's Speed Chess Q2"]
[Site "chess.com INT"]
[Date "2020.06.19"]
[Round "5"]
[White "Jakubowska, Anna"]
[Black "Paehtz, Elisabeth"]
[Result "0-1"]
[WhiteTitle "WIM"]
[BlackTitle "IM"]
[WhiteElo "2073"]
[BlackElo "2473"]
[WhiteFideId "1121952"]
[BlackFideId "4641833"]
[EventDate "2020.06.19"]

1. e4 c5 2. Nc3 a6 3. a4 d6 4. g3 Nc6 5. Bg2 g6 6. d3 Bg7 7. Be3 Nd4 8. Qd2 Qa5
9. h4 h5 10. f4 Nh6 11. Nf3 Ng4 12. Bxd4 cxd4 13. Nd1 Qc5 14. c3 dxc3 15. bxc3
Ne3 16. Qxe3 Bxc3+ 17. Kf2 Bxa1 18. d4 Qc2+ 19. Qe2 Qxe2+ 20. Kxe2 Bd7 21. Kd3
Bxa4 22. Ne3 Bb5+ 23. Kc2 Rc8+ 24. Kb3 Rc3+ 0-1

[Event "Women's Speed Chess Q2"]
[Site "chess.com INT"]
[Date "2020.06.19"]
[Round "5"]
[White "Enkhtuul, Altan-Ulzii"]
[Black "Shpanko, Nadiia"]
[Result "0-1"]
[WhiteTitle "WGM"]
[BlackTitle "WIM"]
[WhiteElo "2228"]
[BlackElo "2235"]
[WhiteFideId "4901444"]
[BlackFideId "14132400"]
[EventDate "2020.06.19"]

1. b4 Nf6 2. Bb2 d5 3. Nf3 Bf5 4. e3 h6 5. Be2 e6 6. a3 Nbd7 7. O-O c5 8. b5 Bd6
9. c4 Qc7 10. d4 cxd4 11. Qxd4 e5 12. Qd1 dxc4 13. Bxc4 Qxc4 14. Qxd6 Qxb5 15.
Bxe5 Nxe5 16. Nxe5 Rd8 17. Qb4 Qxe5 18. Qa4+ Bd7 19. Qb3 Bc6 20. Nc3 O-O 21.
Rfe1 Qg5 22. f3 Bxf3 23. Qb2 Bc6 24. e4 Rd2 0-1

[Event "Women's Speed Chess Q2"]
[Site "chess.com INT"]
[Date "2020.06.19"]
[Round "5"]
[White "Ziegenfuss, Antonia"]
[Black "Kaya, Emel"]
[Result "0-1"]
[WhiteTitle "WFM"]
[BlackTitle "WCM"]
[WhiteElo "2101"]
[BlackElo "1912"]
[WhiteFideId "12962554"]
[BlackFideId "6306411"]
[EventDate "2020.06.19"]

1. d4 d5 2. c4 dxc4 3. e3 e5 4. dxe5 Qxd1+ 5. Kxd1 Be6 6. Nc3 Nc6 7. f4 f6 8.
exf6 Nxf6 9. Bd2 O-O-O 10. Ke2 Be7 11. h3 Rhe8 12. Rd1 Bb4 13. a3 Bxc3 14. Bxc3
Rxd1 15. Kxd1 Ne4 16. Ke1 Nxc3 17. bxc3 Bd5 18. Nf3 Rxe3+ 19. Kd2 Re4 20. g3 Na5
21. Rh2 Nb3+ 22. Kc2 Re3 23. Ne5 Be4+ 24. Kb2 Re1 25. Bxc4 Rb1+ 26. Ka2 Nc1# 0-1

[Event "Women's Speed Chess Q2"]
[Site "chess.com INT"]
[Date "2020.06.19"]
[Round "5"]
[White "Xu, Yuanyuan"]
[Black "Tarleva, Vira"]
[Result "1-0"]
[WhiteTitle "WGM"]
[BlackTitle "WFM"]
[WhiteElo "2317"]
[BlackElo "2030"]
[WhiteFideId "8601089"]
[BlackFideId "14116693"]
[EventDate "2020.06.19"]

1. d4 d5 2. c4 c6 3. Nf3 Nf6 4. e3 e6 5. b3 a6 6. Bb2 b5 7. Nbd2 Be7 8. Bd3 O-O
9. O-O bxc4 10. bxc4 c5 11. cxd5 exd5 12. dxc5 Bxc5 13. Bxf6 Qxf6 14. Qc2 Nd7
15. Bxh7+ Kh8 16. Bd3 Bb7 17. Nb3 Rac8 18. Qe2 Qh6 19. Nbd4 g6 20. Qb2 1-0

[Event "Women's Speed Chess Q2"]
[Site "chess.com INT"]
[Date "2020.06.19"]
[Round "5"]
[White "Dwilewicz, Katarzyna"]
[Black "Babiy, Olga"]
[Result "1-0"]
[WhiteTitle "WFM"]
[BlackTitle "WGM"]
[WhiteElo "2120"]
[BlackElo "2228"]
[WhiteFideId "1148486"]
[BlackFideId "14117258"]
[EventDate "2020.06.19"]

1. e4 c6 2. d4 d5 3. exd5 cxd5 4. Bd3 Nc6 5. c3 Nf6 6. Bf4 Bg4 7. Qb3 Qd7 8. Nd2
e6 9. Ngf3 Bxf3 10. Nxf3 Bd6 11. Bxd6 Qxd6 12. O-O O-O 13. Rfe1 Rab8 14. Ne5 Qc7
15. f4 g6 16. Qc2 Ne7 17. Qf2 Kg7 18. Re3 Nf5 19. Rh3 b5 20. g4 Nd6 21. a3 Rh8
22. Rf1 h5 23. f5 Nxg4 24. Nxg4 hxg4 25. f6+ Kg8 26. Rxh8+ Kxh8 27. Qh4+ Kg8 28.
Qh6 Ne8 29. Bxg6 fxg6 30. f7+ Qxf7 31. Rxf7 Kxf7 32. Qf4+ 1-0

[Event "Women's Speed Chess Q2"]
[Site "chess.com INT"]
[Date "2020.06.19"]
[Round "5"]
[White "Goryachkina, Aleksandra"]
[Black "Sliwicka, Alicja"]
[Result "1-0"]
[WhiteTitle "GM"]
[BlackTitle "WIM"]
[WhiteElo "2582"]
[BlackElo "2317"]
[WhiteFideId "4147103"]
[BlackFideId "1150677"]
[EventDate "2020.06.19"]

1. e4 c5 2. Nf3 d6 3. c3 e5 4. d4 exd4 5. cxd4 Be7 6. Nc3 Nf6 7. Bd3 cxd4 8.
Nxd4 Nc6 9. Nxc6 bxc6 10. O-O O-O 11. h3 Be6 12. b3 Nd7 13. Bb2 Bf6 14. Rc1 Nc5
15. Bb1 Re8 16. Qf3 Be5 17. Nd1 Bxb2 18. Nxb2 a5 19. Rfd1 Qe7 20. Nd3 Nxd3 21.
Qxd3 Qg5 22. Rxc6 Rad8 23. Qd2 Qb5 24. Rxd6 Rxd6 25. Qxd6 a4 26. Bd3 Qb7 27.
bxa4 Bxa2 28. Bb5 Rf8 29. e5 Be6 30. Qxf8+ Kxf8 31. Rd8+ 1-0

[Event "Women's Speed Chess Q2"]
[Site "chess.com INT"]
[Date "2020.06.19"]
[Round "5"]
[White "Shuqja, Klean"]
[Black "Thipsay, Bagyashree Sathe"]
[Result "0-1"]
[WhiteTitle "WCM"]
[BlackTitle "WIM"]
[WhiteElo "1838"]
[BlackElo "2072"]
[WhiteFideId "4701585"]
[BlackFideId "5001013"]
[EventDate "2020.06.19"]

1. b3 e5 2. Bb2 Nc6 3. e3 Nf6 4. Bb5 Bd6 5. Na3 Na5 6. Nc4 Nxc4 7. Bxc4 c6 8. d4
e4 9. Ne2 Bc7 10. Ng3 d5 11. Be2 O-O 12. Qd2 a5 13. h3 a4 14. O-O Qd6 15. Bc3
Re8 16. b4 h5 17. h4 Ng4 18. b5 Qf6 19. b6 Bb8 20. Bxg4 Bxg4 21. Nh1 Qxh4 22. g3
Qh3 23. Rfe1 Bf3 0-1

[Event "Women's Speed Chess Q2"]
[Site "chess.com INT"]
[Date "2020.06.19"]
[Round "5"]
[White "Sowa, Wiktoria"]
[Black "Lesbekova, Asel"]
[Result "0-1"]
[WhiteTitle "WFM"]
[BlackTitle "WCM"]
[WhiteElo "2093"]
[BlackElo "1920"]
[WhiteFideId "21836701"]
[BlackFideId "13713248"]
[EventDate "2020.06.19"]

1. Nf3 f5 2. e3 d6 3. b3 Nf6 4. Bb2 e5 5. c4 g6 6. Be2 Bg7 7. O-O O-O 8. d3 h6
9. Nc3 Be6 10. Rc1 c6 11. e4 f4 12. d4 Nbd7 13. Qc2 g5 14. d5 cxd5 15. exd5 Bf7
16. Ba3 Nb6 17. c5 dxc5 18. Nxe5 Nfd7 19. Nxf7 Rxf7 20. Bc4 Nxc4 21. bxc4 b6 22.
Rfe1 g4 23. Ne4 Ne5 24. Bb2 f3 25. g3 Rf5 26. Nxc5 Qg5 27. Ne6 Qh5 28. h4 gxh3
29. Nxg7 h2+ 30. Kh1 Qh3 0-1

[Event "Women's Speed Chess Q2"]
[Site "chess.com INT"]
[Date "2020.06.19"]
[Round "5"]
[White "Berzina, Ilze"]
[Black "Eswaran, Aksithi"]
[Result "1-0"]
[WhiteTitle "WGM"]
[BlackTitle "WCM"]
[WhiteElo "2192"]
[BlackElo "1745"]
[WhiteFideId "11601345"]
[BlackFideId "2083485"]
[EventDate "2020.06.19"]

1. e4 c5 2. Nf3 Nc6 3. Bb5 g6 4. O-O Bg7 5. Re1 e6 6. c3 Nge7 7. d4 cxd4 8. cxd4
a6 9. Bf1 O-O 10. d5 Ne5 11. Nxe5 Bxe5 12. Nc3 Qc7 13. g3 b5 14. f4 Bxc3 15. d6
Qa5 16. dxe7 Bxe1 17. exf8=Q+ Kxf8 18. Be3 Bb4 19. Bg2 Rb8 20. f5 d6 21. fxg6
hxg6 22. Kh1 Bb7 23. a3 Rd8 24. axb4 Qxb4 25. Bd4 e5 26. Bc3 Qc4 27. Qf3 b4 28.
Bd2 Qc2 29. Bh6+ Kg8 30. Qf6 1-0

[Event "Women's Speed Chess Q2"]
[Site "chess.com INT"]
[Date "2020.06.19"]
[Round "5"]
[White "Eswaran, Ashritha"]
[Black "Bulmaga, Irina"]
[Result "0-1"]
[WhiteTitle "WIM"]
[BlackTitle "IM"]
[WhiteElo "2244"]
[BlackElo "2440"]
[WhiteFideId "2080788"]
[BlackFideId "13903063"]
[EventDate "2020.06.19"]

1. e4 c5 2. Nf3 d6 3. d4 cxd4 4. Nxd4 Nf6 5. Nc3 a6 6. Be3 e5 7. Nf3 Be6 8. Ng5
Be7 9. Nxe6 fxe6 10. g3 O-O 11. Bg2 b5 12. a3 Nbd7 13. O-O Nb6 14. Qd3 Nc4 15.
Bc1 Qc7 16. b3 Nb6 17. Bb2 Rac8 18. Rac1 Rfd8 19. Rfd1 d5 20. exd5 exd5 21. Qf5
Bf8 22. Ne2 d4 23. f4 Re8 24. fxe5 Rxe5 25. Qf1 Nbd5 26. Bxd4 Ne3 27. Bxe5 Qxe5
28. Qf4 Qxf4 29. Nxf4 Nxd1 30. Rxd1 Bxa3 31. Rd2 Bb4 32. Re2 a5 33. Nd5 Bc5+ 34.
Kh1 Kf7 35. Bh3 Rd8 36. Be6+ Kf8 37. Nxf6 gxf6 38. Kg2 a4 39. bxa4 bxa4 40. c4
a3 41. Ra2 Rb8 42. Kf3 Ke7 43. Bd5 Kd6 44. Rd2 Ke5 45. Be4 Bd4 46. g4 Rb3+ 47.
Rd3 Rxd3+ 48. Bxd3 a2 0-1

[Event "Women's Speed Chess Q2"]
[Site "chess.com INT"]
[Date "2020.06.19"]
[Round "5"]
[White "Priyanka, K"]
[Black "Hng, Mei-En Emmanuelle"]
[Result "1-0"]
[WhiteTitle "WIM"]
[BlackTitle "WFM"]
[WhiteElo "2218"]
[BlackElo "2029"]
[WhiteFideId "5082986"]
[BlackFideId "5804566"]
[EventDate "2020.06.19"]

1. e4 g6 2. d4 Bg7 3. Nc3 d6 4. Be3 Nf6 5. f3 O-O 6. Qd2 Nbd7 7. h4 c6 8. Bh6 e5
9. Nge2 Qe7 10. O-O-O b5 11. g4 b4 12. Na4 Ba6 13. Ng3 Bb5 14. Bxg7 Kxg7 15.
Qxb4 a5 16. Qa3 exd4 17. Rxd4 Bxa4 18. Qxa4 Qe5 19. Ne2 Qc5 20. Qc4 Ne5 21. Qxc5
dxc5 22. Rd6 Nxf3 23. Rxc6 Rfc8 24. Rxc8 Rxc8 25. Bg2 Nd4 26. Nxd4 cxd4 27. g5
Nd7 28. Rd1 Ne5 29. Rxd4 Ng4 30. c3 Ne3 31. Bh3 Re8 32. Kd2 f5 33. gxf6+ Kxf6
34. Kxe3 1-0

[Event "Women's Speed Chess Q2"]
[Site "chess.com INT"]
[Date "2020.06.19"]
[Round "5"]
[White "Gunina, Valentina"]
[Black "Gokbulut, Julia"]
[Result "1-0"]
[WhiteTitle "GM"]
[BlackTitle "WFM"]
[WhiteElo "2431"]
[BlackElo "1970"]
[WhiteFideId "4167570"]
[BlackFideId "4153979"]
[EventDate "2020.06.19"]

1. d4 d5 2. c4 e6 3. Nf3 Nf6 4. Nc3 Be7 5. Bg5 O-O 6. e3 Nbd7 7. Rc1 c6 8. a3
Nh5 9. Bxe7 Qxe7 10. Bd3 Nhf6 11. O-O e5 12. dxe5 Nxe5 13. cxd5 cxd5 14. Nxe5
Qxe5 15. h3 Bf5 16. Bxf5 Qxf5 17. Qd4 Rfd8 18. Na4 b6 19. Nc3 Rac8 20. Nb5 Rxc1
21. Rxc1 Qd7 22. a4 Ne8 23. b3 h5 24. Qe5 g6 25. Nd4 Kh7 26. Rc6 Ra8 27. b4 Kg8
28. b5 Ng7 29. Rc7 Qd8 30. Nc6 Qf8 31. Qxd5 Re8 32. Rxa7 Ne6 33. a5 Qa3 34. axb6
Qc1+ 35. Kh2 1-0

[Event "Women's Speed Chess Q2"]
[Site "chess.com INT"]
[Date "2020.06.19"]
[Round "5"]
[White "Sargsyan, Anna M."]
[Black "Muminova, Nafisa"]
[Result "1-0"]
[WhiteTitle "WGM"]
[BlackTitle "WGM"]
[WhiteElo "2405"]
[BlackElo "2274"]
[WhiteFideId "13308130"]
[BlackFideId "14201526"]
[EventDate "2020.06.19"]

1. d4 Nf6 2. c4 e6 3. Nf3 c5 4. Nc3 a6 5. Bg5 cxd4 6. Nxd4 Nc6 7. e3 h6 8. Bh4
Bb4 9. Bd3 Ne5 10. Be2 g5 11. Bg3 Ng6 12. Qc2 h5 13. h3 b6 14. a3 Bf8 15. Rd1
Bb7 16. Nxe6 dxe6 17. Rxd8+ Rxd8 18. Bc7 Rc8 19. Qa4+ Nd7 20. Bxb6 Bc6 21. Qa5
Rb8 22. Bd4 e5 23. Ba7 Rxb2 24. Qxa6 Bb7 25. Qa5 Bd6 26. Nb5 Rb1+ 27. Bd1 Be7
28. O-O Nh4 29. f3 Bd8 30. Qd2 Bc6 31. Ba4 Rxf1+ 32. Kxf1 O-O 33. Qd6 Ba5 34.
Qxc6 1-0

[Event "Women's Speed Chess Q2"]
[Site "chess.com INT"]
[Date "2020.06.19"]
[Round "5"]
[White "Bartel, Marta"]
[Black "Kiran, Manisha Mohanty"]
[Result "0-1"]
[WhiteTitle "WGM"]
[BlackTitle "WGM"]
[WhiteElo "2192"]
[BlackElo "2168"]
[WhiteFideId "1123009"]
[BlackFideId "5019575"]
[EventDate "2020.06.19"]

1. d4 Nf6 2. Nf3 g6 3. c4 Bg7 4. Nc3 d5 5. Bg5 Ne4 6. Bh4 Nxc3 7. bxc3 dxc4 8.
e3 O-O 9. Bxc4 c5 10. O-O cxd4 11. cxd4 b6 12. Rc1 Bb7 13. Qe2 Nc6 14. Rfd1 Na5
15. Bd3 Rc8 16. Rxc8 Bxc8 17. h3 Bb7 18. Bb5 Qd6 19. Bg3 Qb4 20. e4 Rc8 21. d5
Bh6 22. Ne5 Bg7 23. Bd7 Rc7 24. Be8 Bxe5 25. Bxe5 Rc4 26. Qf3 f6 27. Bxf6 exf6
28. Qxf6 Qf8 29. Qe6+ Kg7 30. Bb5 Rc2 31. Rf1 Qf7 32. Qe5+ Qf6 33. Qb8 Rc8 34.
Qg3 Rf8 35. e5 Qf4 36. Qc3 Rc8 37. Qb2 Bxd5 38. e6+ Qf6 39. Qd2 Bxe6 0-1

[Event "Women's Speed Chess Q2"]
[Site "chess.com INT"]
[Date "2020.06.19"]
[Round "5"]
[White "Danielian, Elina"]
[Black "Franco Valencia, Beatriz Irene"]
[Result "1-0"]
[WhiteTitle "GM"]
[BlackTitle "WGM"]
[WhiteElo "2407"]
[BlackElo "2103"]
[WhiteFideId "13300210"]
[BlackFideId "4402618"]
[EventDate "2020.06.19"]

1. d4 d6 2. Nf3 Nd7 3. e4 g6 4. Bd3 Bg7 5. c3 e6 6. O-O Ne7 7. Re1 O-O 8. a4 a5
9. Nbd2 b6 10. Qc2 Bb7 11. Nc4 Rc8 12. Bg5 h6 13. Bh4 g5 14. Bg3 Re8 15. Rad1
Nf8 16. h4 g4 17. Nh2 h5 18. f3 gxf3 19. Nxf3 Neg6 20. Qf2 Nh7 21. e5 d5 22. Ne3
Rf8 23. Rf1 Qe7 24. Qc2 Qe8 25. Ng5 Nxg5 26. hxg5 c5 27. Qe2 h4 28. Bh2 cxd4 29.
cxd4 Qxa4 30. Kh1 Qd7 31. Qh5 Bc6 32. Ng4 Bb5 33. Nf6+ Bxf6 34. gxf6 Ne7 35.
Qh7# 1-0